Counter examples in Topology (Record no. 7821)

MARC details
000 -LEADER
fixed length control field 00728cam a2200253 i 4500
001 - CONTROL NUMBER
control field 4154120
003 - CONTROL NUMBER IDENTIFIER
control field OSt
005 - DATE AND TIME OF LATEST TRANSACTION
control field 20220919153513.0
008 - FIXED-LENGTH DATA ELEMENTS--GENERAL INFORMATION
fixed length control field 780201s1978 nyua b 001 0 eng
010 ## - LIBRARY OF CONGRESS CONTROL NUMBER
LC control number 78001623
020 ## - INTERNATIONAL STANDARD BOOK NUMBER
International Standard Book Number 0387903127
040 ## - CATALOGING SOURCE
Original cataloging agency DLC
Transcribing agency DLC
Modifying agency DLC
050 00 - LIBRARY OF CONGRESS CALL NUMBER
Classification number QA611.3
Item number .S74 1978
082 00 - DEWEY DECIMAL CLASSIFICATION NUMBER
Classification number 514 STE 1978
100 1# - MAIN ENTRY--PERSONAL NAME
Personal name Steen, Lynn Arthur; Seebach, J. Arthur,
9 (RLIN) 15920
245 10 - TITLE STATEMENT
Title Counter examples in Topology
250 ## - EDITION STATEMENT
Edition statement 2d ed.
260 ## - PUBLICATION, DISTRIBUTION, ETC. (IMPRINT)
Place of publication, distribution, etc. New York :
Name of publisher, distributor, etc. Springer-Verlag,
Date of publication, distribution, etc. c1978.
300 ## - PHYSICAL DESCRIPTION
Extent xi, 244 p. :
Other physical details ill. ;
Dimensions 24 cm.
504 ## - BIBLIOGRAPHY, ETC. NOTE
Bibliography, etc Bibliography: p. 228-235 & Includes index.
650 #0 - SUBJECT ADDED ENTRY--TOPICAL TERM
Topical term or geographic name as entry element Topology
9 (RLIN) 10309
906 ## - LOCAL DATA ELEMENT F, LDF (RLIN)
a 7
b cbc
c orignew
d 1
e ocip
f 19
g y-gencatlg
942 ## - ADDED ENTRY ELEMENTS (KOHA)
Source of classification or shelving scheme Dewey Decimal Classification
Koha item type Open Shelf
Holdings
Withdrawn status Lost status Source of classification or shelving scheme Damaged status Not for loan Home library Current library Date acquired Source of acquisition Inventory number Total Checkouts Full call number Barcode Date last seen Price effective from Koha item type
    Dewey Decimal Classification     MUST Main Library MUST Main Library 17/03/2022 Purchase 05/25047   514 STE 1978 2022-0464 17/03/2022 17/03/2022 Open Shelf
    Dewey Decimal Classification     MUST Main Library MUST Main Library 17/03/2022 Purchase 05/25046   514 STE 1978 2022-0465 17/03/2022 17/03/2022 Open Shelf
    Dewey Decimal Classification     MUST Main Library MUST Main Library 17/03/2022 Purchase 05/25048   514 STE 1978 2022-0466 17/03/2022 17/03/2022 Open Shelf